| 000 | 00397 a2200169 4500 | ||
|---|---|---|---|
| 001 | 72708 | ||
| 020 | _a8501058262 | ||
| 040 | _cAnchieta - Colégio São Paulo | ||
| 100 | _aAquino, Rubim Santos Leão de | ||
| 240 | 1 | 0 |
_aOs primeiros brasileiros _lpor |
| 245 | 1 | 0 | _aOs primeiros brasileiros |
| 300 | _a67 | ||
| 362 | 0 | _a2000 | |
| 440 | 1 | _aRecord | |
| 650 | 4 | _aLiteratura juvenil | |
| 942 | _cBK | ||
| 999 |
_c72708 _d72708 |
||